|
|
|
|
| LEADER |
00714cam a2200193 7i4500 |
| 001 |
0000003379 |
| 005 |
20171027090000.0 |
| 008 |
100323 eng |
| 020 |
|
|
|a 9780133214314 (pbk.)
|
| 020 |
|
|
|a 0133214311 (pbk.)
|
| 090 |
0 |
0 |
|a TA330
|b .G76 1998
|
| 100 |
1 |
|
|a Greenberg, Michael D
|
| 245 |
1 |
0 |
|a Advanced engineering mathematics
|c Michael D. Greenberg.
|
| 260 |
|
|
|a Upper Saddle River, N.J.:
|b Prentice Hall,
|c 1998.
|
| 300 |
|
|
|a xix, 1324 p.:
|b ill.;
|c 26 cm.
|
| 504 |
|
|
|a Includes bibliographical references and index
|
| 650 |
0 |
0 |
|a Engineering mathematics
|
| 997 |
|
|
|a Engineering & Life Sciences, Faculty
|b Engineering, Department
|
| 999 |
|
|
|a 0000011860
|b BOK
|c OPEN SHELF
|e 2nd Floor, Bestari Jaya
|